00850 a2200145 4500003000500000005001700005040000900022082001500031100002200046245007900068260003200147300001000179505050500189650001000694Nust20230131132047.0 cNust a808.83,NIC aNichols, Beverley aGreen grows the city: bThe story of a London garden / cBeverley Nichols, aJonathan CapebLondonc1939 a285 p aIntroduction (Page-9), We Move in (Page-15), High Wind in Suburbia (Page-29), False Start (Page-44), A Ray of Isosceles (Page-68), Birth of A Bubble (Page-86), Enter Flora (Page-102), Rose and Cavalier (Page-115), The Battle of the Dome (Page-134), One Thing Lead to Another (Page-147), Rhapsody in Green (Page-165), The Triumphs of Lilliput (Page-182), Bigger and Bigger (Page-197), The Enchanted Corner (Page-215), Inventions (Page-235), The Desert Blossoms (Page-254), The last Chapter (Page-275). aNovel